| 000 | 01172nam a22003497a 4500 | ||
|---|---|---|---|
| 001 | 000695 | ||
| 003 | DO-SdBPM | ||
| 005 | 20260306095656.0 | ||
| 007 | ta | ||
| 008 | 161114b 2004 sp a | |||| 00| 0 spa d | ||
| 020 | _a8420402028 | ||
| 040 |
_aDO-SdBPM _bspa _cBPMSU _erda |
||
| 082 | 0 | 4 |
_a813.5 _bM663u 2004 _222 |
| 100 | 1 |
_aMinarik, Else Holmelund, _d1944-2004. _4aut. _eautor |
|
| 240 | 1 | 0 |
_aA kis for little bear. _lEspañol |
| 245 | 1 | 0 |
_aUn beso para osito / _cElse Holmelund Minarik ; ilustraciones de Maurice Sendak ; traducción María Punce. |
| 250 | _a20ª ed. | ||
| 264 |
_aMadrid : _bAlfaguara, _c2004. |
||
| 300 |
_a32 páginas _bilustraciones, _c20 cm. |
||
| 336 |
_atexto _btxt _2rdacontent |
||
| 337 |
_asin mediación _bn _2rdamedia |
||
| 338 |
_avolumen _bn _2rdacarrier |
||
| 490 | 0 | _aPróxima parada Alfaguara | |
| 500 | _a | ||
| 590 | _aInventariado, 2026/VM | ||
| 650 | 7 | _aCuentos infantiles estadounidenses. | |
| 650 | 7 |
_aOsos _vCuentos infantiles. |
|
| 650 | 7 |
_aBesos _vCuentos infantiles |
|
| 700 | 1 |
_aSendak, Maurice, _d1928-2012. _eilustraciones |
|
| 910 | _aVMateo V. Control de calidad. BPMSU | ||
| 942 |
_2ddc _cBK |
||
| 999 |
_c11941 _d11941 |
||